| 000 | 00489nam a2200193Ia 4500 | ||
|---|---|---|---|
| 005 | 20250326125734.0 | ||
| 008 | 250326s9999 xx 000 0 und d | ||
| 037 | _aTextbook | ||
| 040 |
_aFMSL _beng _cFMSL |
||
| 041 |
_aeng _2eng |
||
| 084 |
_aS4(X8) K6 _qFMSL |
||
| 100 |
_aTIFFIN _9739589 |
||
| 245 | 0 |
_aIndustrical psychology _cTIFFIN |
|
| 250 | _a3 | ||
| 260 |
_aLondon _bLondon, GAU _c1966 |
||
| 300 | _a682p | ||
| 942 |
_cTB _hS4(X8) K6 |
||
| 999 |
_c1279354 _d1279354 |
||